000 00286nam a22001337a 4500
008 181019b xxu||||| |||| 00| 0 eng d
020 _a52805
041 _aeng
080 _a330
100 _a52
101 _aMBE
245 _aEconomic Decision Models
_cRiggs, J.L
942 _2udc
_cBK
999 _c50285
_d50285